|
|
|
|
| LEADER |
00000cam a2200000 c 4500 |
| 001 |
1662739567 |
| 003 |
DE-627 |
| 005 |
20250505213607.0 |
| 007 |
cr c|||||m|aap |
| 008 |
190403s1804 gw |||||o 00| ||ger c |
| 024 |
7 |
|
|a urn:nbn:de:urmel-bb8fd35f-ae6a-4f37-a468-450369d3d5a07
|2 urn
|
| 035 |
|
|
|a (DE-627)1662739567
|
| 035 |
|
|
|a (DE-599)KXP1662739567
|
| 035 |
|
|
|a (OCoLC)1197681880
|
| 040 |
|
|
|a DE-627
|b ger
|c DE-627
|e rakwb
|
| 041 |
|
|
|a ger
|
| 044 |
|
|
|c XA-DE-TH
|
| 100 |
1 |
|
|0 (DE-588)115660291
|0 (DE-627)133771369
|0 (DE-576)290005213
|4 aut
|a Schäffer, Wilhelm Friedrich
|d 1750-1831
|
| 109 |
|
|
|a Schäffer, Wilhelm Friedrich 1750-1831
|a W. F. S. 1750-1831
|a S., W. F. 1750-1831
|a Schäfer, Wilhelm Friedrich 1750-1831
|a Schäffer, Willhelm Friedrich 1750-1831
|a Schäffer, Wilhelm F. 1750-1831
|a Schaeffer, Wilhelm Friedrich 1750-1831
|
| 245 |
1 |
0 |
|a Gedächtnißpredigt auf Den Durchlauchtigsten Herzog und Herrn, Ernst den Zweyten, regierenden Herzog zu Sachsen-Gotha und Altenburg, &c.
|b in der hiesigen Herzoglichen Schloßkirche am 20sten May, 1804 ... gehalten und ... dem Drucke übergeben
|c von Wilhelm Friedrich Schäffer Herzoglich Sachsen-Gothaischen Oberhofprediger und Oberconsistorialrath
|
| 246 |
3 |
0 |
|a Gedächtnispredigt Zweiten Mai
|
| 256 |
|
|
|a TIFF, Vers.6.0, 300 dpi, 24 bit (farbig); Digitalisierungsvorlage: Primärausgabe
|
| 264 |
|
1 |
|a Gotha
|b Steudel und Keil
|c [1804]
|
| 300 |
|
|
|c 8°
|
| 336 |
|
|
|a Text
|b txt
|2 rdacontent
|
| 337 |
|
|
|a Computermedien
|b c
|2 rdamedia
|
| 338 |
|
|
|a Online-Ressource
|b cr
|2 rdacarrier
|
| 500 |
|
|
|a Vorlageform der Veröffentlichungsangabe: Gotha bey Steudel und Keil
|
| 506 |
0 |
|
|q DE-39
|a Open Access
|e Controlled Vocabulary for Access Rights
|u http://purl.org/coar/access_right/c_abf2
|
| 533 |
|
|
|a Online-Ausgabe
|b Gotha
|c Forschungsbibliothek Gotha
|d 2019
|e 1 Online-Ressource (36 S)
|7 |2019||||||||||
|
| 535 |
1 |
|
|a FB Gotha
|3 Theol 8° 00729/14 (04)
|
| 540 |
|
|
|q DE-39
|a Public Domain Mark 1.0
|f PDM 1.0
|2 cc
|u https://creativecommons.org/publicdomain/mark/1.0/
|
| 583 |
1 |
|
|a Archivierung/Langzeitarchivierung gewährleistet
|k DE-27
|x XA-DE-TH
|2 pdager
|5 DE-39
|
| 601 |
|
|
|a Sachsen-Gotha
|
| 601 |
|
|
|a Altenburg
|
| 601 |
|
|
|a Schlosskirche
|
| 655 |
|
7 |
|a Leichenpredigt
|0 (DE-627)09663216X
|2 local
|
| 700 |
0 |
|
|0 (DE-588)102109109
|0 (DE-627)076732398
|0 (DE-576)172201268
|4 oth
|a Ernst
|b II.
|c Sachsen-Gotha-Altenburg, Herzog
|d 1745-1804
|
| 700 |
1 |
|
|0 (DE-588)117240532
|0 (DE-627)693763167
|0 (DE-576)291229700
|4 prt
|a Steudel, Carl
|d 1777-1820
|
| 776 |
0 |
8 |
|i Elektronische Reproduktion von
|a Schäffer, Wilhelm Friedrich, 1750 - 1831
|t Gedächtnißpredigt auf Den Durchlauchtigsten Herzog und Herrn, Ernst den Zweyten, regierenden Herzog zu Sachsen-Gotha und Altenburg, &c.
|d Gotha : Steudel und Keil, 1804
|h 36 S.
|w (DE-627)213577674
|w (DE-576)9213577672
|n FB Gotha -- Theol 8° 00729/14 (04)
|k Non-Electronic
|
| 856 |
4 |
0 |
|u https://nbn-resolving.org/urn:nbn:de:urmel-bb8fd35f-ae6a-4f37-a468-450369d3d5a07
|x Langzeitarchivierung
|z kostenfrei
|3 Volltext
|7 0
|
| 935 |
|
|
|a FBGO
|a mteo
|
| 951 |
|
|
|a BO
|
| ELC |
|
|
|a 1
|
| LOK |
|
|
|0 000 xxxxxcx a22 zn 4500
|
| LOK |
|
|
|0 001 4555825624
|
| LOK |
|
|
|0 003 DE-627
|
| LOK |
|
|
|0 004 1662739567
|
| LOK |
|
|
|0 005 20250129075227
|
| LOK |
|
|
|0 008 240723||||||||||||||||ger|||||||
|
| LOK |
|
|
|0 040
|a DE-Tue135
|c DE-627
|d DE-Tue135
|
| LOK |
|
|
|0 092
|o n
|
| LOK |
|
|
|0 852
|a DE-Tue135
|
| LOK |
|
|
|0 852 1
|9 00
|
| LOK |
|
|
|0 866
|x SPQUE#Forschungsbibliothek Gotha#SPSAM#Herzogliche Sammlung (Theologie)#SPSYS#03 Theologie
|
| LOK |
|
|
|0 866
|x SPQUE#Forschungsbibliothek Gotha#SPSAM#Bestand Theologie (bis 2024-03)
|
| LOK |
|
|
|0 935
|a FBGO
|a gohs
|a goth
|
| LOK |
|
|
|0 939
|a 23-07-24
|b l01
|
| OAS |
|
|
|a 1
|
| ORI |
|
|
|a SA-MARC-ixtheoa001.raw
|